[Event "Hanoi FM"]
[Site "Hanoi"]
[Date "2022.08.01"]
[Round "1"]
[White "Hoang, Minh Hieu"]
[Black "Dinh, Nho Kiet"]
[Result "0-1"]
[WhiteElo "1938"]
[BlackElo "1972"]
[PlyCount "82"]
[EventDate "2022.08.01"]
[EventType "tourn"]
[EventRounds "7"]
[EventCountry "VIE"]
[SourceTitle "EXT 2024"]
[Source "ChessBase"]
[SourceDate "2023.10.10"]
[SourceVersion "1"]
[SourceVersionDate "2023.10.10"]
[SourceQuality "1"]

1. d4 Nf6 2. c4 b6 3. Nf3 Bb7 4. g3 e6 5. Bg2 Be7 6. 0-0 0-0 7. Nc3 Ne4 8. Bd2 Bf6 9. d5 Nxc3 10. Bxc3 Bxc3 11. bxc3 d6 12. dxe6 fxe6 13. c5 dxc5 14. Qb3 Qf6 15. Rad1 Nc6 16. Ng5 Rae8 17. f4 h6 18. Ne4 Qf5 19. Qa4 Na5 20. Nf2 Bxg2 21. Kxg2 Rd8 22. e4 Qf6 23. e5 Qg6 24. Ne4 b5 25. Qc2 Nc4 26. Rfe1 Qh5 27. Rxd8 Rxd8 28. Re2 Rd2 29. Qxd2 Nxd2 30. Rxd2 Qe8 31. Kf3 Qc6 32. g4 b4 33. cxb4 cxb4 34. f5 a5 35. f6 a4 36. Rd8+ Kf7 37. h4 b3 38. axb3 axb3 39. Rb8 gxf6 40. exf6 Qc2 41. g5 hxg5 0-1

[Event "Wch U10"]
[Site "Pocos de Caldas"]
[Date "2017.08.30"]
[Round "10"]
[White "Campos Gomez, Manuel"]
[Black "Hoang, Minh Hieu"]
[Result "0-1"]
[WhiteElo "1773"]
[BlackElo "1606"]
[PlyCount "140"]
[EventDate "2017.08.22"]
[EventType "swiss"]
[EventRounds "11"]
[EventCountry "BRA"]
[SourceTitle "CBM 180 Extra"]
[Source "ChessBase"]
[SourceDate "2017.10.06"]
[SourceVersion "1"]
[SourceVersionDate "2017.10.06"]
[SourceQuality "1"]

1. e4 e6 2. d4 d5 3. Nd2 dxe4 4. Nxe4 Bd7 5. Nf3 Bc6 6. Bd3 Nd7 7. 0-0 Ngf6 8. Nxf6+ Nxf6 9. b3 Be7 10. Bb2 Bxf3 11. Qxf3 c6 12. Rfe1 0-0 13. c4 Re8 14. Rad1 Qa5 15. Bc3 Qh5 16. Be4 Qxf3 17. Bxf3 Rad8 18. Re2 Rd7 19. Rde1 Kf8 20. g4 h6 21. b4 Red8 22. a3 a6 23. h3 Ng8 24. Rd1 Bf6 25. Red2 Ne7 26. a4 Nc8 27. c5 Ne7 28. Kf1 Ng6 29. Be4 Nf4 30. Bg2 Bg5 31. Rb2 e5 32. b5 axb5 33. axb5 Nxg2 34. Kxg2 exd4 35. Bd2 Be7 36. bxc6 bxc6 37. Ba5 Ra8 38. Bb6 Ra3 39. Rbd2 Bf6 40. Rd3 Ra4 41. f4 g5 42. f5 Be5 43. Kf3 f6 44. R1d2 Re7 45. Kg2 Re8 46. Rd1 Rea8 47. Kf2 Ke7 48. Ke2 Kd7 49. R1d2 Kc8 50. Rd1 Rb4 51. R3d2 Kb7 52. Kf2 Kc8 53. Ke2 Rba4 54. Rd3 Kd7 55. R1d2 h5 56. Rd1 hxg4 57. hxg4 Rh8 58. R1d2 Kc8 59. Kf3 Kb7 60. Ke2 Ka6 61. Kf3 Rh3+ 62. Ke2 Rh4 63. Kf3 Kb5 64. Rd1 Kc4 65. R1d2 Kd5 66. Rd1 Ra2 67. R3d2 Rh3+ 68. Ke2 Raa3 69. Rd3 Ke4 70. Rxa3 Rxa3 0-1

[Event "Ho Chi Minh City HD Bank op-B 6th"]
[Site "Ho Chi Minh City"]
[Date "2016.03.12"]
[Round "7"]
[White "Hoang, Minh Hieu"]
[Black "Nguyen, Xuan Nhi"]
[Result "1/2-1/2"]
[WhiteElo "1479"]
[BlackElo "1788"]
[PlyCount "92"]
[EventDate "2016.03.08"]
[EventType "swiss"]
[EventRounds "9"]
[EventCountry "VIE"]
[SourceTitle "CBM 171 Extra"]
[Source "ChessBase"]
[SourceDate "2016.04.26"]
[SourceVersion "1"]
[SourceVersionDate "2016.04.26"]
[SourceQuality "1"]

1. d4 d5 2. Nf3 Nf6 3. Bg5 e6 4. e3 Be7 5. c4 0-0 6. Nc3 h6 7. Bh4 b6 8. cxd5 Nxd5 9. Nxd5 exd5 10. Bxe7 Qxe7 11. Be2 Bb7 12. 0-0 Nd7 13. Rc1 c5 14. Qd2 Rfc8 15. b3 Nf6 16. Bd3 Ne4 17. Bxe4 dxe4 18. Ne5 Rd8 19. Qb2 Rd5 20. Rcd1 Rad8 21. Rd2 cxd4 22. exd4 Qg5 23. Nc4 f5 24. Re1 Kh7 25. a4 f4 26. Qc3 e3 27. fxe3 Qh4 28. Rf2 Rh5 29. exf4 Qxh2+ 30. Kf1 Rf5 31. g3 Qh1+ 32. Ke2 Qe4+ 33. Qe3 Rxd4 34. Qxe4 Rxe4+ 35. Kf1 Rc5 36. Rxe4 Bxe4 37. Rd2 Rd5 38. Rxd5 Bxd5 39. Ke2 Kg6 40. g4 Kf6 41. Nd2 Ke6 42. Ke3 g6 43. Kd4 h5 44. f5+ Kd6 45. fxg6 hxg4 46. Ne4+ Bxe4 1/2-1/2

[Event "VIE-ch U07"]
[Site "Ho Chi Minh City"]
[Date "2014.07.15"]
[Round "4"]
[White "Nguyen, Minh Trong"]
[Black "Hoang, Minh Hieu"]
[Result "1-0"]
[WhiteElo "1366"]
[BlackElo "1407"]
[PlyCount "21"]
[EventDate "2014.07.13"]
[EventType "swiss"]
[EventRounds "9"]
[EventCountry "VIE"]
[SourceTitle "EXT 2016"]
[Source "ChessBase"]
[SourceDate "2015.10.08"]
[SourceVersion "1"]
[SourceVersionDate "2015.10.08"]
[SourceQuality "1"]

1. e4 c5 2. d4 cxd4 3. c3 dxc3 4. Nxc3 Nc6 5. Bc4 d6 6. Nf3 Nf6 7. e5 Nxe5 8. Nxe5 dxe5 9. Bxf7+ Kxf7 10. Qxd8 a6 11. 0-0 1-0